Die 200 beliebtesten ♂ ♀ Vornamen in der Schweiz - Statistiken

Allgemein
  • Dieses Quiz wurde 158 mal gespielt
  • Das Durchschnittsergebnis liegt bei 67 aus 202
Antwortstatistiken
♀ / ♂ Name % Korrekt
Jungen - - > | Mädchen - - > ⤵️
100%
L3 Lia
88%
M3 Mia
85%
J3 Jan
81%
L3 Leo
80%
L3 Léo
80%
L3 Lea
79%
L3 Léa
79%
A4 Anna
75%
L4 Leon
75%
L4 Léon
75%
E4 Emma
74%
L5 Leana
71%
L4 Lena
70%
N4 Noah
65%
L4 Luca
64%
S4 Sara
64%
E4 Emil
62%
E4 Elia
61%
E4 Elin
61%
L4 Lisa
60%
N4 Nina
60%
P4 Paul
60%
S6 Sophia
60%
J5 Julia
59%
B3 Ben
58%
L4 Lina
58%
L4 Luka
58%
E4 Ella
56%
S6 Sophie
56%
L4 Lara
55%
T3 Tim
54%
L5 Laura
53%
L5 Lukas
53%
N3 Noé
53%
M4 Mara
52%
M5 Maria
52%
M6 Matteo
52%
N4 Noel
52%
L4 Liam
51%
L4 Luis
51%
G7 Gabriel
49%
N4 Nico
48%
Z3 Zoé
48%
Z3 Zoe
48%
H5 Hanna
47%
J4 Jana
47%
J6 Julian
47%
L3 Lou
47%
M3 Max
47%
N4 Nora
47%
E6 Emilia
45%
E3 Eva
45%
M4 Mila
45%
F4 Finn
44%
J5 Jonas
44%
L6 Leonie
44%
S5 Sofia
44%
A5 Alina
43%
E5 Elias
43%
E5 Elisa
43%
O6 Olivia
43%
E5 Elena
42%
L4 Luna
42%
D6 Daniel
41%
L3 Lio
41%
L4 Luan
41%
S5 Simon
41%
L5 Louis
40%
P5 Paula
40%
D5 David
39%
E5 Emily
39%
L4 Lars
39%
A6 Amélie
38%
A6 Amelie
38%
L3 Liv
37%
V8 Valentin
37%
A5 Aaron
36%
T4 Timo
36%
L5 Luisa
35%
A9 Alexander
34%
I3 Ida
34%
N4 Nino
34%
M4 Mira
33%
V9 Valentina
32%
A6 Adrian
31%
B8 Benjamin
31%
C5 Clara
31%
L4 Levi
31%
L5 Linus
31%
Y4 Yara
31%
L5 Livia
30%
M4 Mael
30%
M4 Maël
30%
F5 Fiona
29%
M5 Malia
29%
M6 Melina
29%
E5 Elina
28%
L4 Lian
28%
L5 Luana
28%
C9 Charlotte
27%
E5 Ellie
27%
H6 Helena
27%
L6 Laurin
27%
L4 Leni
27%
O6 Oliver
27%
T4 Theo
27%
T4 Théo
27%
T6 Thomas
27%
L4 Lino
26%
N4 Nils
26%
S6 Samuel
26%
E6 Emilio
25%
F5 Fabio
25%
F5 Felix
25%
L8 Leonardo
25%
R5 Ronja
25%
A6 Amelia
24%
C6 Chiara
24%
G6 Giulia
24%
L5 Liana
24%
M4 Milo
24%
N5 Noemi
24%
A3 Ava
23%
D5 Diana
23%
L5 Levin
22%
M4 Maya
22%
A5 Alma
21%
A6 Amalia
21%
A4 Aria
21%
C5 Chloé
21%
J4 Juna
21%
L6 Lorena
21%
M5 Malea
21%
M6 Milena
21%
N5 Nevio
21%
V8 Victoria
21%
A5 Aline
20%
A6 Andrin
20%
A7 Aurelia
20%
J4 Jael
20%
L7 Leandro
20%
L5 Leano
20%
L6 Louise
20%
L4 Lynn
20%
D5 Dario
19%
K6 Kilian
19%
L5 Lenny
19%
L5 Lucas
19%
N5 Naomi
19%
A7 Alessia
18%
G4 Gian
18%
M6 Mattia
18%
A5 Alice
17%
A6 Alicia
17%
L5 Loris
17%
R6 Rafael
17%
R5 Robin
17%
E4 Elio
16%
A4 Alea
15%
D3 Dua
15%
A5 Amira
14%
H5 Henry
14%
S6 Stella
14%
A4 Adam
13%
A4 Ayla
13%
A4 Alba
12%
A6 Arthur
12%
L5 Livio
12%
Y4 Yuna
12%
A4 Aron
11%
A6 Aurora
11%
M5 Malik
11%
N4 Nael
11%
N6 Nathan
11%
A5 Amina
10%
E4 Elea
10%
H4 Hana
10%
M5 Mateo
10%
A7 Alessio
9%
A4 Arya
9%
M7 Melissa
9%
N5 Nelio
9%
W7 William
9%
A10 Alessandro
8%
A5 Anouk
8%
D5 Diego
8%
E4 Enea
8%
E4 Enzo
8%
J5 Jaron
8%
K4 Kian
8%
M5 Mauro
7%
J5 Jules
5%
L7 Lorenzo
4%
E5 Ethan
2%
I5 Inaya
2%
N5 Nolan
2%
R5 Rayan
2%
R5 Romeo
2%
I5 Isaac
1%
S8 Santiago
0%
Keine übereinstimmenden Quizze gefunden
Verteilung der Resultate
Anzahl Personen mit jedem Resultat
Perzentil nach korrekt beantworteten Fragen
Ihre Resultats-Entwicklung
Sie haben dieses Quiz noch nicht gespielt